00339nam a2200109Ia 4500008004100000020001500041082001700056100001900073245008800092260003500180300001400215161229s9999 xx 000 0 und d a068483460x a338.7 KOT/MA aKotter, John P aMatsushita leadership: Lessons from the 20th century's most remarkable entrepreneur bThe free pressaNew Yorkc1997 axvii, 302